[Event "Pardubice Czech op-A 21st"]
[Site "Pardubice"]
[Date "2010.07.30"]
[Round "8"]
[White "Zakhartsov, Viacheslav V"]
[Black "Zaslavsky, Michael"]
[Result "1-0"]
[WhiteElo "2608"]
[BlackElo "2413"]
[PlyCount "77"]
[EventDate "2010.07.23"]
[EventType "swiss"]
[EventRounds "9"]
[EventCountry "CZE"]
[SourceTitle "CBM 137 Extra"]
[Source "ChessBase"]
[SourceDate "2010.09.01"]
[SourceVersion "1"]
[SourceVersionDate "2010.09.01"]
[SourceQuality "1"]

1. d4 Nf6 2. c4 g6 3. Nc3 d5 4. Qb3 dxc4 5. Qxc4 Bg7 6. e4 0-0 7. Be2 a6 8. Bf4 b5 9. Qxc7 b4 10. Qxd8 Rxd8 11. Na4 Bb7 12. Nb6 Ra7 13. f3 Nfd7 14. Nxd7 Nxd7 15. Be3 f5 16. exf5 gxf5 17. Bc4+ Kh8 18. Be6 f4 19. Bxf4 Nf8 20. Bb3 Bxd4 21. Rd1 Ng6 22. Bc7 Rc8 23. Rxd4 Rxc7 24. Ne2 a5 25. Kd2 Ba6 26. Rc1 Rd7 27. Be6 Rxd4+ 28. Nxd4 Nf4 29. Rc5 a4 30. Ra5 Nxe6 31. Nxe6 Rd7+ 32. Ke1 Rd6 33. Nc5 Bc4 34. Rxa4 Rd5 35. Ne4 Rd3 36. b3 Re3+ 37. Kd2 Re2+ 38. Kd1 Bd3 39. Nc5 1-0

[Event "Pardubice Czech op-A 21st"]
[Site "Pardubice"]
[Date "2010.07.28"]
[Round "6"]
[White "Gabrielian, Artur"]
[Black "Zaslavsky, Michael"]
[Result "0-1"]
[WhiteElo "2559"]
[BlackElo "2413"]
[PlyCount "168"]
[EventDate "2010.07.23"]
[EventType "swiss"]
[EventRounds "9"]
[EventCountry "CZE"]
[SourceTitle "CBM 137 Extra"]
[Source "ChessBase"]
[SourceDate "2010.09.01"]
[SourceVersion "1"]
[SourceVersionDate "2010.09.01"]
[SourceQuality "1"]

1. e4 c5 2. Nf3 Nc6 3. d4 cxd4 4. Nxd4 Nf6 5. Nc3 e5 6. Ndb5 d6 7. Bg5 a6 8. Na3 b5 9. Nd5 Be7 10. Bxf6 Bxf6 11. c4 b4 12. Nc2 0-0 13. g3 a5 14. Bg2 Bg5 15. 0-0 Ne7 16. Nde3 Bxe3 17. Nxe3 Be6 18. Qd3 Qd7 19. Rad1 Rfd8 20. f4 f6 21. fxe5 dxe5 22. Qxd7 Bxd7 23. Rd6 Nc6 24. Nd5 Nd4 25. a3 b3 26. Kf2 Bc6 27. Rxd8+ Rxd8 28. Ke3 Kf7 29. g4 h6 30. h4 Ne6 31. Bf3 Nf4 32. Bd1 a4 33. Bf3 Ne6 34. Be2 Bxd5 35. cxd5 Nd4 36. Rc1 Nc2+ 37. Kd2 Ke7 38. Bb5 Kd6 39. Bxa4 Nd4 40. Bc6 h5 41. gxh5 Rh8 42. a4 Rxh5 43. a5 Rxh4 44. a6 Rh2+ 45. Kd3 Rh3+ 46. Kc4 Nxc6 47. dxc6 Kxc6 48. Ra1 Rh8 49. Kxb3 Kb6 50. Kb4 Rd8 51. b3 Rd7 52. Kc4 Rd4+ 53. Kc3 Rd7 54. Kc4 Ra7 55. Kd5 Rxa6 56. Rxa6+ Kxa6 57. Kc6 Ka5 58. Kc5 g5 59. b4+ Ka4 60. b5 g4 61. b6 g3 62. b7 g2 63. b8Q g1Q+ 64. Kd5 Qd4+ 65. Ke6 Qxe4 66. Kxf6 Qf3+ 67. Ke6 e4 68. Qa8+ Kb4 69. Qc6 Qg4+ 70. Kd5 Qf5+ 71. Kd4 Qf2+ 72. Ke5 Qg3+ 73. Kf5 e3 74. Qc1 Qf3+ 75. Ke5 e2 76. Qb2+ Kc4 77. Qa2+ Kb5 78. Qb2+ Kc6 79. Qc2+ Kd7 80. Qh7+ Ke8 81. Qh8+ Qf8 82. Qh5+ Kd8 83. Kd4 Qd6+ 84. Kc4 e1Q 0-1

[Event "Pardubice op rap 21st"]
[Site "Pardubice"]
[Date "2010.07.22"]
[Round "9"]
[White "Zaslavsky, Michael"]
[Black "Kalod, Radek"]
[Result "1/2-1/2"]
[WhiteElo "2413"]
[BlackElo "2506"]
[PlyCount "101"]
[EventDate "2010.07.21"]
[EventType "swiss (rapid)"]
[EventRounds "9"]
[EventCountry "CZE"]
[SourceTitle "CBM 137 Extra"]
[Source "ChessBase"]
[SourceDate "2010.09.01"]
[SourceVersion "1"]
[SourceVersionDate "2010.09.01"]
[SourceQuality "1"]

1. e4 c5 2. Nf3 e6 3. d4 cxd4 4. Nxd4 a6 5. Bd3 Bc5 6. Nb3 Be7 7. 0-0 d6 8. Be3 Nd7 9. f4 Qc7 10. c4 Ngf6 11. Nc3 b6 12. Rc1 Bb7 13. Qf3 0-0 14. Nd4 Rfe8 15. b4 Rac8 16. Qh3 Bf8 17. f5 Ne5 18. Be2 Nxe4 19. fxe6 Nxc3 20. Rxc3 fxe6 21. Nxe6 Qd7 22. Nxf8 Qxh3 23. gxh3 Rxf8 24. Rxf8+ Rxf8 25. Bxb6 Nf3+ 26. Bxf3 Rxf3 27. Rxf3 Bxf3 28. Kf2 Bh5 29. Ke3 Kf7 30. b5 Ke6 31. Bd4 Be8 32. a4 g5 33. Kd2 d5 34. b6 Bc6 35. c5 Kd7 36. Be5 Kc8 37. a5 Kb7 38. Ke3 Bd7 39. Kd4 Be6 40. Bf6 Kc6 41. Bxg5 Bxh3 42. Ke5 Bc8 43. Be3 h5 44. h4 Bg4 45. Bd4 Bc8 46. Kf6 Bg4 47. Ke7 Bf5 48. b7 Kxb7 49. Kd6 Bg4 50. c6+ Kc8 51. Bb6 1/2-1/2

[Event "Pardubice op rap 21st"]
[Site "Pardubice"]
[Date "2010.07.21"]
[Round "5"]
[White "Shomoev, Anton"]
[Black "Zaslavsky, Michael"]
[Result "1-0"]
[WhiteElo "2561"]
[BlackElo "2413"]
[PlyCount "88"]
[EventDate "2010.07.21"]
[EventType "swiss (rapid)"]
[EventRounds "9"]
[EventCountry "CZE"]
[SourceTitle "CBM 137 Extra"]
[Source "ChessBase"]
[SourceDate "2010.09.01"]
[SourceVersion "1"]
[SourceVersionDate "2010.09.01"]
[SourceQuality "1"]

1. e4 c5 2. Nf3 d6 3. d4 cxd4 4. Nxd4 Nf6 5. Nc3 a6 6. Be3 e5 7. Nb3 Be6 8. Qd2 Be7 9. f3 Nbd7 10. g4 Nb6 11. 0-0-0 Qc7 12. h4 0-0-0 13. Qf2 Nfd7 14. Nd5 Bxd5 15. exd5 Kb8 16. g5 Nc4 17. Bxc4 Qxc4 18. Rhg1 Rc8 19. Rg4 Qc7 20. Kb1 Rhg8 21. Rd3 f5 22. Rb4 Nc5 23. Rc3 Ka8 24. f4 Qd7 25. fxe5 Ne4 26. Rxc8+ Qxc8 27. Qe2 dxe5 28. Rb6 Rd8 29. c4 Rd6 30. Rxd6 Bxd6 31. Bg1 g6 32. Qe3 Bb8 33. c5 Ba7 34. d6 Nxd6 35. Qxe5 Ne4 36. Qe7 Qb8 37. Na5 Nd2+ 38. Kc2 Nf3 39. c6 bxc6 40. Bxa7 Qxa7 41. Qe8+ Qb8 42. Qxc6+ Ka7 43. Qxf3 Qc7+ 44. Qc3 Qb8 1-0

[Event "Tbilisi Cup"]
[Site "Tbilisi"]
[Date "2010.05.22"]
[Round "8"]
[White "Umudova, Nargiz"]
[Black "Zaslavsky, Michael"]
[Result "0-1"]
[WhiteElo "2214"]
[BlackElo "2397"]
[PlyCount "82"]
[EventDate "2010.05.15"]
[EventType "swiss"]
[EventRounds "9"]
[EventCountry "GEO"]
[SourceTitle "CBM 136 Extra"]
[Source "ChessBase"]
[SourceDate "2010.07.02"]
[SourceVersion "2"]
[SourceVersionDate "2010.07.15"]
[SourceQuality "1"]

1. e4 c5 2. Nf3 Nc6 3. Nc3 e5 4. Bc4 Be7 5. d3 d6 6. Nd2 Bg5 7. h4 Bxd2+ 8. Bxd2 Nf6 9. 0-0 Bg4 10. Qe1 Nd4 11. Rc1 Qd7 12. f3 Be6 13. a4 0-0 14. b3 Kh8 15. Kh2 Nh5 16. Nd5 Bxd5 17. Bxd5 Nf4 18. Bxf4 exf4 19. c3 Ne6 20. g4 Nc7 21. Qd2 Qe7 22. Qxf4 Qxh4+ 23. Kg2 Nxd5 24. exd5 Rae8 25. Rf2 Re5 26. c4 f5 27. Rh1 Qf6 28. g5 Qg6 29. Rh3 Kg8 30. Rg3 Rfe8 31. d4 Re1 32. dxc5 dxc5 33. Qd2 Qd6 34. f4 R8e4 35. Rh3 h6 36. Rg3 hxg5 37. fxg5 Rg1+ 38. Kxg1 Qxg3+ 39. Kf1 Qxb3 40. d6 Qb1+ 41. Kg2 Rg4+ 0-1

[Event "Tbilisi Cup"]
[Site "Tbilisi"]
[Date "2010.05.17"]
[Round "3"]
[White "Zaslavsky, Michael"]
[Black "Mchedlishvili, Mikheil"]
[Result "1/2-1/2"]
[WhiteElo "2397"]
[BlackElo "2630"]
[PlyCount "143"]
[EventDate "2010.05.15"]
[EventType "swiss"]
[EventRounds "9"]
[EventCountry "GEO"]
[SourceTitle "CBM 136 Extra"]
[Source "ChessBase"]
[SourceDate "2010.07.02"]
[SourceVersion "2"]
[SourceVersionDate "2010.07.15"]
[SourceQuality "1"]

1. e4 c5 2. Nf3 d6 3. d4 cxd4 4. Nxd4 Nf6 5. Nc3 Nc6 6. Bg5 Bd7 7. Qd2 Rc8 8. 0-0-0 Nxd4 9. Qxd4 Qa5 10. Bxf6 gxf6 11. Kb1 Qc5 12. f4 Qxd4 13. Rxd4 f5 14. Rb4 b6 15. Ba6 Rc5 16. exf5 Bxf5 17. Re1 e6 18. Ne4 Bxe4 19. Rbxe4 Bg7 20. Bd3 Ke7 21. Ra4 a5 22. Rc4 Rxc4 23. Bxc4 h5 24. c3 Rc8 25. Bd3 h4 26. Kc2 Bf6 27. Be4 Rc5 28. Kd3 Bg7 29. Bf3 b5 30. a3 d5 31. Re2 Kd6 32. Rc2 f6 33. Rd2 b4 34. axb4 axb4 35. f5 Bh6 36. Rd1 bxc3 37. bxc3 exf5 38. Ra1 Bf4 39. Ra6+ Ke5 40. h3 Bg3 41. Ra8 Kf4 42. Ra4+ Kg5 43. c4 dxc4+ 44. Rxc4 Re5 45. Rc2 Ra5 46. Rc4 Ra1 47. Rc8 Be5 48. Ra8 Rb1 49. Ra4 Rb2 50. Ke3 Bc7 51. Kd3 Be5 52. Rc4 Ra2 53. Rb4 Bf4 54. Rb7 Bd6 55. Rh7 Bg3 56. Rb7 Be1 57. Rb1 Ba5 58. Ke3 Bd2+ 59. Kf2 Kf4 60. Kg1 Kg3 61. Rf1 Be3+ 62. Kh1 Bf2 63. Bd5 Rd2 64. Bf3 Rd3 65. Bc6 f4 66. Bb7 Re3 67. Bc6 f5 68. Bd5 Re4 69. Rb1 f3 70. Bxe4 fxe4 71. gxf3 e3 72. Rb2 1/2-1/2

[Event "Tbilisi Cup"]
[Site "Tbilisi"]
[Date "2010.05.16"]
[Round "2"]
[White "Tsiramua, Nodar"]
[Black "Zaslavsky, Michael"]
[Result "0-1"]
[WhiteElo "2083"]
[BlackElo "2397"]
[PlyCount "84"]
[EventDate "2010.05.15"]
[EventType "swiss"]
[EventRounds "9"]
[EventCountry "GEO"]
[SourceTitle "CBM 136 Extra"]
[Source "ChessBase"]
[SourceDate "2010.07.02"]
[SourceVersion "2"]
[SourceVersionDate "2010.07.15"]
[SourceQuality "1"]

1. d4 Nf6 2. Nf3 g6 3. Bg5 Bg7 4. e3 0-0 5. Nbd2 d6 6. h3 c5 7. Bd3 b6 8. 0-0 Bb7 9. c3 Nbd7 10. Qe2 h6 11. Bh4 e5 12. dxe5 dxe5 13. e4 Qc7 14. Bxf6 Nxf6 15. Bc4 Kh7 16. g3 Rad8 17. Rad1 Ne8 18. Nb1 Nd6 19. Bd5 Bc8 20. Kg2 Qd7 21. Ng1 f5 22. f3 Qe7 23. c4 h5 24. exf5 Nxf5 25. Nc3 h4 26. g4 Ng3 27. Qc2 Nxf1 28. Rxf1 Be6 29. Be4 Bxc4 30. Bxg6+ Kh8 31. Rd1 Rxd1 32. Nxd1 Qg5 33. Be4 Rd8 34. Nf2 Bxa2 35. Qa4 Qe3 36. Qc6 Rd2 37. Qe8+ Bg8 38. Qh5+ Qh6 39. Qf5 Be6 40. g5 Bxf5 41. gxh6 Bxh6 42. Bxf5 Be3 0-1